Statistics for A Level Subjects (CCEA)

Click here to take the quiz!

General Stats

  • This quiz has been taken 8 times
  • The average score is 22 of 30

Answer Stats

Answer% Correct
Art and Design
100%
Biology
100%
Chemistry
100%
English Literature
100%
French
100%
German
100%
History
100%
Mathematics
100%
Music
100%
Physics
100%
Geography
86%
Government and Politics
86%
Spanish
86%
Economics
71%
Further Mathematics
71%
Health and Social Care
71%
Irish
71%
Life and Health Sciences
71%
Technology and Design
71%
Environmental Technology
57%
Journalism in the Media and Communications Industry
57%
Performing Arts
57%
Religious Studies
57%
Sports Science and the Active Leisure Industry
57%
Business Studies
43%
Digital Technology
43%
Moving Image Arts
43%
Nutrition and Food Science
43%
Professional Business Services
29%
Software Systems Development
29%

Score Distribution

Percentile by Number Answered

Percent of People with Each Score

Your Score History

You have not taken this quiz